| 000 | 00722cam a22002297a 4500 | ||
|---|---|---|---|
| 001 | 0000005654 | ||
| 005 | 20170406120904.0 | ||
| 008 | 030115s2002 rh a 000 0 eng | ||
| 010 | _a 2002375911 | ||
| 020 | _a1779220022 | ||
| 035 | _a(DLC) 2002375911 | ||
| 040 |
_aDLC _cDLC |
||
| 042 | _aode=LC overseas data entry | ||
| 050 | 0 | 0 | _aMLCS 2003/00725 (P) |
| 100 | 1 | _aVera, Yvonne. | |
| 245 | 1 | 4 |
_aThe stone virgins / _cYvonne Vera. |
| 260 |
_aAvondale, Harare, Zaimbabwe : _bWeaver Press, _c2002. |
||
| 300 |
_aviii, 165 p. : _bill. ; _c21 cm. |
||
| 500 | _a"This edition for sale in South Africa and Zimbabwe"--T.p. verso. | ||
| 852 | 1 | _9p12.00usd | |
| 908 | _a150115 | ||
| 999 |
_c5437 _d5437 |
||